Industrial colourbar in South Africa (Record no. 364418)

000 -LEADER
fixed length control field 00366cam a22001337a 4500
008 - FIXED-LENGTH DATA ELEMENTS--GENERAL INFORMATION
fixed length control field 180718b1961 xxu||||| |||| 00| 0 eng d
082 ## - DEWEY DECIMAL CLASSIFICATION NUMBER
Classification number B1241x68 D769
100 ## - MAIN ENTRY--PERSONAL NAME
Personal name Doxey, G.V.
245 ## - TITLE STATEMENT
Title Industrial colourbar in South Africa
Statement of responsibility, etc. by G.V. Doxey
260 ## - PUBLICATION, DISTRIBUTION, ETC.
Place of publication, distribution, etc. London
Name of publisher, distributor, etc. OUP
Date of publication, distribution, etc. 1961
300 ## - PHYSICAL DESCRIPTION
Extent 205p.
500 ## - GENERAL NOTE
General note 22/6
650 ## - SUBJECT ADDED ENTRY--TOPICAL TERM
Topical term or geographic name entry element Race Problems - Union of South Africa
Holdings
Withdrawn status Lost status Damaged status Not for loan Permanent Location Current Location Date acquired Full call number Barcode Date last seen Price effective from Koha item type
        Indian Institute of Public Administration Indian Institute of Public Administration 1994-04-07 B1241x68 D769 27949 2018-07-21 2018-07-21 Book

Powered by Koha